Statistics for Daily Country Riddle #153

Click here to take the quiz!

General Stats

  • This quiz has been taken 73 times
    (63 since last reset)
  • The average score is 11 of 15

Answer Stats

TypeAnswer% Correct
Found LetterA
100%
Found LetterR
98%
Found LetterN
92%
Found LetterA
88%
Found LetterM
87%
Found LetterY
73%
Correctly Placed LetterA
71%
Correctly Placed LetterM
63%
Correctly Placed LetterM
63%
Correctly Placed LetterA
60%
Found LetterM
60%
Mystery CountryMyanmar
60%
Correctly Placed LetterN
60%
Correctly Placed LetterR
60%
Correctly Placed LetterY
60%

Score Distribution

Percentile by Number Answered

Percent of People with Each Score

Your Score History

You have not taken this quiz since the last reset